| 000 | 00391 a2200169 4500 | ||
|---|---|---|---|
| 001 | 187024 | ||
| 020 | _a85-294-0243-X | ||
| 040 | _cMagnum | ||
| 100 | _aCatelan, Álvaro | ||
| 240 | 1 | 0 |
_aContos comentados de Machado de Assis _lpor |
| 245 | 1 | 0 | _aContos comentados de Machado de Assis |
| 300 | _a129 | ||
| 362 | 0 | _a2002 | |
| 440 | 1 | _aHarbra | |
| 697 | _aLITERATURA GERAL | ||
| 942 | _cBK | ||
| 999 |
_c187024 _d187024 |
||